| 000 | 00368 a2200133 4500 | ||
|---|---|---|---|
| 245 |
_aModern South African stories _hprint |
||
| 020 | _a0949937754 | ||
| 650 | _aShort stories, South Africa | ||
| 005 | 20191021095609.0 | ||
| 260 |
_asa _bA. D. Donker _c1980 |
||
| 084 | _aPR9367.3S6O5 | ||
| 300 |
_a256 p. _b 23 cm. _c256 p. ; 23 cm. |
||
| 500 | _aedited by Stephen Gray. | ||
| 999 |
_c12437 _d12437 |
||